Twice songs - sudden death - Statistics

General Stats
  • This quiz has been taken 265 times
  • The average score is 10 of 16
Answers on the Grid
Answers color-coded by a green-red scale on the quiz's grid according to % correct below.
I Got Me
Last Waltz
Candy Love
Love Foolish
Heart Shaker
Lol
Shadow
Pitapat
Get Loud
Icy
Queen
Take It Back
Vitamin U
Go Hard
Please Do
Breakthrough
Conversation
Rain Cloud
Perfect World
Glass Bead
Daisy Crown
Basics
Yes or Yes
What About U
Moonlight Sunrise
Cactus
Knock Knock
Whistle
Why Why Why
Candelabra
 
Answer Stats
Answer % Correct
Yes or Yes
83%
Heart Shaker
81%
Moonlight Sunrise
79%
Knock Knock
77%
Breakthrough
68%
Perfect World
66%
Go Hard
65%
Love Foolish
60%
Basics
57%
Get Loud
56%
Last Waltz
54%
Cactus
51%
Queen
51%
Shadow
40%
Conversation
38%
Pitapat
38%
No matching quizzes found
Score Distribution
Percent of People with Each Score
Percentile by Number Answered
Your Score History
You have not taken this quiz